¿Que pais esta entre estos dos? - Estadísticas

Estadísticas generales
  • Esta prueba ha sido intentada 175 veces
  • La puntuación promedio es 9 de 10
Estadísticas de respuestas
Desde Respuesta % Correcto
Estados Unidos
98%
Francia
95%
Noruega Rusia
94%
Alemania
91%
Mongolia China
88%
Argelia
87%
Colombia
84%
Armenia
77%
Honduras
70%
Siria
70%
No se encontraron pruebas coincidentes
Distribución de puntuación
Porcentaje de gente con cada puntuación
Porcentaje por número respondido
Historial de tus puntuaciones
No has intentado esta prueba.